Revue de l'Amérique latine / (Record no. 2026)

MARC details
000 -LEADER
campo de control de longitud fija 00776nas a2200241 i 4500
001 - NÚMERO DE CONTROL
campo de control 2026
003 - IDENTIFICADOR DE NÚMERO DE CONTROL
campo de control ES-MaACL
005 - FECHA Y HORA DE LA ÚLTIMA TRANSACCIÓN
campo de control 20250724062556.0
007 - CAMPO FIJO DE DESCRIPCIÓN FÍSICA--INFORMACIÓN GENERAL
campo de control de longitud fija t|
008 - DATOS DE LONGITUD FIJA--INFORMACIÓN GENERAL
campo de control de longitud fija 950801d19221932fr | | 1 ||re d
022 ## - NÚMERO INTERNACIONAL NORMALIZADO PARA PUBLICACIONES SERIADAS
Número Internacional Normalizado para Publicaciones Seriadas 0980-613X
245 00 - MENCIÓN DEL TÍTULO
Título Revue de l'Amérique latine /
Mención de responsabilidad, etc. [dir. Ernest Martinenche].
260 ## - PUBLICACIÓN, DISTRIBUCIÓN, ETC.
Lugar de publicación, distribución, etc. Paris :
Nombre del editor, distribuidor, etc. Revue de l'Amérique latine,
Fecha de publicación, distribución, etc. 1922-1932 (
Lugar de fabricación/manufactura Cahors :
Fabricante Imp. Coueslant)
300 ## - DESCRIPCIÓN FÍSICA
Extensión v ;
Dimensiones 25 cm.
310 ## - PERIODICIDAD ACTUAL
Periodicidad actual Mensual
362 0# - FECHAS DE PUBLICACIÓN Y/O DESIGNACIÓN SECUENCIAL
Fecha de publicación y/o designación secuencial 1re année, vol. 1, n° 1 (1922)-11e année, vol. 23, n° 124 (octobre/décembre 1932)
650 #7 - PUNTO DE ACCESO ADICIONAL DE MATERIA--TÉRMINO DE MATERIA
Término de materia o nombre geográfico como elemento de entrada Cultura
Fuente del encabezamiento o término embne
9 (RLIN) 170963
700 1# - ENTRADA AGREGADA--NOMBRE PERSONAL
Nombre de persona Martinenche, Ernest,
Término indicativo de función/relación
9 (RLIN) 77699
780 00 - ENLACE A UN TÍTULO/ENTRADA ANTERIOR
Encabezamiento principal Bulletin de l'Amerique latine
852 ## - LOCALIZACIÓN
Ubicación ES-MaACL
Número de control de estantería B-9892-914
866 #0 - MENCIÓN TEXTUAL DE FONDOS--UNIDAD BIBLIOGRÁFICA BÁSICA
Fondos 1922-31(1932)
Holdings
Estatus retirado Estado de pérdida Estado de daño No para préstamo Colección Biblioteca de origen Biblioteca actual Ubicación en estantería Fecha de adquisición Fuente de adquisición Total de préstamos Signatura topográfica completa Código de barras Visto por última vez Precio de reemplazo Tipo de ítem Koha
        Periódicos y Revistas Biblioteca del Ateneo de Madrid Biblioteca del Ateneo de Madrid Sala Pardo Bazán 17/01/2008     B-9892-914 1002065 23/02/2023 23/02/2023 Revista